000 00729nam a2200217Ia 4500
003 GCL
008 140319s9999 xx 000 0 ara d
040 _aGCL /
_cGCL
082 0 4 _a709.1
_bك م
100 1 _aاحمد غسان سبانو
245 1 0 _aالاثار الاسلامية الاولى /
_cاحمد غسان سبانو
700 1 _aعبدالهادى عبلة
700 1 _aكريزويل، ك0 ا0س0
260 _aسوريا :
_bدار قتيبة للطباعة والنشر والتوزيع ،
_c1984
300 _a503 ص ؛
_c24 سم
490 _a
650 0 4 _aالعمارة الاسلامية
650 0 4 _aالاثار الاسلامية
650 0 4 _aالفن الاسلامى
942 _2ddc
_cBK
999 _c44413
_d44413